Med-ad keeps disputes out of the courts (Record no. 69632)
[ view plain ]
| 000 -LEADER | |
|---|---|
| fixed length control field | 01558cam a2200229 4500 |
| 001 - CONTROL NUMBER | |
| control field | ABS65119 |
| 008 - FIXED-LENGTH DATA ELEMENTS--GENERAL INFORMATION | |
| fixed length control field | 020228n2002 000 0 eng u |
| 035 ## - SYSTEM CONTROL NUMBER | |
| System control number | (Sirsi) u116895 |
| 100 ## - MAIN ENTRY--PERSONAL NAME | |
| Personal name | Atkinson, D. |
| 245 ## - TITLE STATEMENT | |
| Title | Med-ad keeps disputes out of the courts |
| 260 ## - PUBLICATION, DISTRIBUTION, ETC. | |
| Date of publication, distribution, etc. | 2002 |
| 490 ## - SERIES STATEMENT | |
| Series statement | Construction News |
| Volume/sequential designation | (6753) 14 February 2002, 10(1) |
| 520 ## - SUMMARY, ETC. | |
| Summary, etc. | Describes combining mediation and arbitration to resolve construction disputes, joining both terms into med-ad. Cites "Glencot Development and Design v Ben Barratt & Son" as case where adjudicator acting as mediator led to partiality. Med- ad approach differs in that parties sign an agreement confirming that any party can refer the dispute to adjudication at any time, thus reconciling conflicting requirements of mediator's and arbitrator's roles. In "Floods of Queensferry v Shand Construction", judge encouraged informal approach to clarify issues in advance of any court hearing. Med-ad process can speed up process and reaffirms current thinking of reduction of confrontation and encouraging dialogue. Example of Atkinson's Law suggested form of agreement for med-ad can be found at http://www.atkinson-law.com |
| 590 ## - LOCAL NOTE (RLIN) | |
| Local note | ABS |
| 650 ## - SUBJECT ADDED ENTRY--TOPICAL TERM | |
| Topical term or geographic name entry element | MANAGEMENT-DISPUTE AVOIDANCE, MANAGEMENT AND RESOLUTION-DISPUTE MANAGEMENT AND RESOLUTION-ARBITRATION |
| 650 ## - SUBJECT ADDED ENTRY--TOPICAL TERM | |
| Topical term or geographic name entry element | MEDIATION |
| 650 ## - SUBJECT ADDED ENTRY--TOPICAL TERM | |
| Topical term or geographic name entry element | DISPUTES |
| 650 ## - SUBJECT ADDED ENTRY--TOPICAL TERM | |
| Topical term or geographic name entry element | GLENCOT DEVELOPMENT & DESIGN CO LTD V BARRATT & SON |
| 650 ## - SUBJECT ADDED ENTRY--TOPICAL TERM | |
| Topical term or geographic name entry element | FLOODS OF QUEENSFERRY LTD V SHAND CONSTRUCTION AND OTHERS |
| 690 ## - LOCAL SUBJECT ADDED ENTRY--TOPICAL TERM (OCLC, RLIN) | |
| Topical term or geographic name as entry element | Dispute resolution |
| 9 (RLIN) | 6236 |
| 942 ## - ADDED ENTRY ELEMENTS (KOHA) | |
| Suppress in OPAC | 0 |
| Withdrawn status | Lost status | Source of classification or shelving scheme | Damaged status | Not for loan | Home library | Current library | Shelving location | Date acquired | Total Checkouts | Full call number | Barcode | Date last seen | Copy number | Price effective from | Koha item type |
|---|---|---|---|---|---|---|---|---|---|---|---|---|---|---|---|
| Dewey Decimal Classification | London | London | Journal article | 28/02/2002 | ABS65119 | 116895-1001 | 06/08/2019 | 1 | 06/08/2019 | Journal article |